[Event "Lichtenberger Sommer 2016"]
[Site "?"]
[Date "2016.08.16"]
[Round "4.51"]
[White "Shapiro, Yosip"]
[Black "Petersen, Moritz"]
[Result "1/2-1/2"]
[WhiteElo "2090"]
[BlackElo "1729"]
[PlyCount "78"]
[EventDate "2016.??.??"]
[WhiteTeam "SV Berolina Mitte"]
[BlackTeam "SV Rüdersdorf"]

1. c4 e5 2. Nc3 Nf6 3. Nf3 Nc6 4. g3 d5 5. cxd5 Nxd5 6. Bg2 Nb6 7. O-O Be6 8.
d3 Be7 9. Be3 f6 10. a4 Qd7 11. a5 Nd5 12. Bd2 Rb8 13. Qc1 Nxc3 14. bxc3 O-O
15. a6 b6 16. Rd1 Na5 17. Qb2 Nb3 18. Rab1 Nxd2 19. Rxd2 Rfd8 20. c4 c5 21. Rc2
Qc7 22. Rd2 Rd7 23. Rbd1 Rbd8 24. h4 e4 25. Ne1 e3 26. fxe3 Qxg3 27. Nf3 Bh3
28. Ne1 Qxe3+ 29. Kh1 Bd6 30. Nf3 Bxg2+ 31. Kxg2 Qf4 32. Rg1 Qg3+ 33. Kf1 Qh3+
34. Kf2 Be5 35. Nxe5 fxe5 36. Qxe5 Rf7+ 37. Ke1 Qxh4+ 38. Kd1 Qd4 39. Qxd4 Rxd4
1/2-1/2

[Event "Lichtenberger Sommer 2016"]
[Site "?"]
[Date "2016.08.16"]
[Round "4.52"]
[White "Richter, Götz"]
[Black "Schiering, Manfred"]
[Result "1/2-1/2"]
[WhiteElo "2009"]
[BlackElo "1671"]
[PlyCount "110"]
[EventDate "2016.??.??"]
[WhiteTeam "Klub Kölner SF"]
[BlackTeam "vereinslos"]

1. d4 d5 2. c4 e6 3. Nc3 c6 4. e4 dxe4 5. Nxe4 Bb4+ 6. Nc3 Nf6 7. Nf3 Ne4 8.
Qc2 Nxc3 9. bxc3 Be7 10. Bd3 h6 11. O-O Nd7 12. Bf4 O-O 13. Rfe1 c5 14. Rad1
cxd4 15. cxd4 Re8 16. Qd2 Bf8 17. Bb1 Nf6 18. Ne5 Nd7 19. Qd3 f5 20. d5 Nc5 21.
Qf3 Qf6 22. d6 Nd7 23. Nxd7 Bxd7 24. Qxb7 Qf7 25. Bc2 Reb8 26. Qf3 Rc8 27. Bb3
a5 28. a3 a4 29. Ba2 Rab8 30. Rd2 Rc6 31. Rc1 g5 32. Be5 Rbc8 33. Qc3 Bg7 34.
Re1 Bxe5 35. Rxe5 Rc5 36. Qd4 Rxe5 37. Qxe5 Qg7 38. f4 gxf4 39. Re2 Qxe5 40.
Rxe5 Kf7 41. Ra5 Kf6 42. Ra7 Rd8 43. Rc7 Ke5 44. c5 Bb5 45. Re7 Bd7 46. c6 Bxc6
47. Rxe6+ Kd4 48. d7 Bxd7 49. Rxh6 Bb5 50. Kf2 Kc5 51. Kf3 Rd2 52. Be6 Bc6+ 53.
Kxf4 Rxg2 54. Bxf5 Ra2 55. Rh3 Be8 1/2-1/2

[Event "Lichtenberger Sommer 2016"]
[Site "?"]
[Date "2016.08.16"]
[Round "4.53"]
[White "Nofal, Jameel"]
[Black "Wallmann, Bodo"]
[Result "1-0"]
[WhiteElo "1900"]
[BlackElo "1841"]
[PlyCount "91"]
[EventDate "2016.??.??"]
[WhiteTeam "vereinslos"]
[BlackTeam "SC Kreuzberg"]

1. e4 c5 2. Nc3 Nc6 3. f4 d6 4. Nf3 g6 5. Bb5 Bg7 6. d3 Bd7 7. Bxc6 Bxc6 8. O-O
e6 9. Qe1 Ne7 10. Kh1 O-O 11. Qh4 Nc8 12. Qh3 Bd7 13. Bd2 f5 14. e5 d5 15. Be1
Ne7 16. Bh4 Qe8 17. Bg5 d4 18. Qh4 Rf7 19. Nd1 Nd5 20. c3 dxc3 21. bxc3 b5 22.
c4 bxc4 23. dxc4 Nb6 24. Ne3 Bc6 25. Rad1 Bxf3 26. gxf3 Qa4 27. Qf2 Nxc4 28.
Nxc4 Qxc4 29. Rc1 Qd4 30. Rxc5 Qxf2 31. Rxf2 Rd7 32. Rfc2 Kf7 33. Rc7 Ke8 34.
R2c6 Rxc7 35. Rxc7 Kf8 36. Kg2 h6 37. Be7+ Kg8 38. Bd6 Bf8 39. Bxf8 Rxf8 40.
Rxa7 Rd8 41. a4 g5 42. Kg3 Rd4 43. fxg5 hxg5 44. a5 Rd5 45. a6 Ra5 46. h4 1-0

[Event "Lichtenberger Sommer 2016"]
[Site "?"]
[Date "2016.08.16"]
[Round "4.54"]
[White "Thesing, Ansgar"]
[Black "Stiemerling, Andreas"]
[Result "1-0"]
[WhiteElo "1987"]
[BlackElo "1752"]
[PlyCount "43"]
[EventDate "2016.??.??"]
[WhiteTeam "SC Kreuzberg"]
[BlackTeam "SSV Rotation Berlin"]

1. e4 e6 2. d4 d5 3. Nc3 Bb4 4. e5 c5 5. a3 Bxc3+ 6. bxc3 c4 7. Qg4 g6 8. h4
Kd7 9. h5 Kc7 10. hxg6 fxg6 11. Nf3 Qe8 12. Ng5 h6 13. Nh3 Ne7 14. Nf4 Qf7 15.
a4 Nbc6 16. Ba3 b6 17. g3 Qf5 18. Qxf5 exf5 19. Bd6+ Kd7 20. Bg2 Bb7 21. O-O g5
22. Nxd5 1-0

[Event "Lichtenberger Sommer 2016"]
[Site "?"]
[Date "2016.08.16"]
[Round "4.55"]
[White "Hesse, Henrik"]
[Black "Korell, Klaus-Peter"]
[Result "1-0"]
[WhiteElo "1903"]
[BlackElo "1875"]
[PlyCount "83"]
[EventDate "2016.??.??"]
[WhiteTeam "SV Mattnetz Berlin"]
[BlackTeam "SG TT/Wiheil (FV Schach)"]

1. d4 Nf6 2. c4 g6 3. Nc3 Bg7 4. e4 d6 5. Nf3 O-O 6. Be2 Nbd7 7. O-O e5 8. Bg5
h6 9. Be3 Ng4 10. Bc1 Ngf6 11. Rb1 exd4 12. Nxd4 Nc5 13. f3 a6 14. b4 Ne6 15.
Be3 Nxd4 16. Bxd4 Be6 17. Nd5 Re8 18. Qd2 Kh7 19. Qb2 Bxd5 20. cxd5 Nh5 21.
Bxg7 Nxg7 22. Rfc1 Re5 23. Qc2 Rc8 24. f4 Re8 25. b5 axb5 26. Rxb5 c6 27. Rxb7
cxd5 28. Qxc8 Qxc8 29. Rxc8 Rxc8 30. exd5 Rc2 31. Bd3 Rxa2 32. Rxf7 Rd2 33. Be4
Rd4 34. Bf3 Kg8 35. Rf6 Kh7 36. Rxd6 Rxf4 37. Rd7 Kg8 38. Kf2 Rd4 39. g4 Rd2+
40. Ke3 Rxh2 41. d6 Rh3 42. Rxg7+ 1-0

[Event "Lichtenberger Sommer 2016"]
[Site "?"]
[Date "2016.08.16"]
[Round "4.56"]
[White "Jaeger, Andre"]
[Black "Schilly, Hans-Joachim"]
[Result "1-0"]
[WhiteElo "1949"]
[BlackElo "1804"]
[PlyCount "117"]
[EventDate "2016.??.??"]
[WhiteTeam "SC Rochade (Berlin)"]
[BlackTeam "SF Siemensstadt"]

1. d4 d5 2. c4 c6 3. cxd5 cxd5 4. Nc3 Nc6 5. Bf4 Nf6 6. e3 Qb6 7. a3 Bf5 8. Na4
Qd8 9. Rc1 Nd7 10. Qb3 Nb6 11. Nc5 Bc8 12. Bb5 e6 13. Nxb7 Bxb7 14. Rxc6 Bxc6
15. Bxc6+ Nd7 16. Bxa8 Qxa8 17. Ne2 Be7 18. Qb5 a6 19. Qa4 Qb7 20. O-O O-O 21.
Rc1 Rc8 22. Rxc8+ Qxc8 23. Qb3 g5 24. Bg3 h5 25. Qc3 Qxc3 26. Nxc3 Nb6 27. Bc7
Nc4 28. Na4 Kf8 29. Kf1 Ke8 30. Ke2 Kd7 31. Bb8 Kc6 32. f3 Kb5 33. Nc3+ Kc6 34.
Nd1 h4 35. h3 Kb5 36. Nc3+ Kc6 37. Nd1 Kb5 38. Kd3 f6 39. Bh2 Ka4 40. Kc2 Kb5
41. Bg1 f5 42. Nc3+ Kc6 43. e4 Bd6 44. exd5+ exd5 45. Ne2 Bg3 46. Nc1 Bf4 47.
Nd3 Bd6 48. a4 Kb6 49. b3 Na5 50. Be3 f4 51. Bd2 Nc6 52. Bc3 a5 53. Nc5 Be7 54.
Nd7+ Kc7 55. Ne5 Bd8 56. b4 Nxb4+ 57. Bxb4 axb4 58. Kb3 Be7 59. Nd3 1-0

[Event "Lichtenberger Sommer 2016"]
[Site "?"]
[Date "2016.08.16"]
[Round "4.57"]
[White "Ziems, Michael"]
[Black "Oginski, Ulrich"]
[Result "0-1"]
[WhiteElo "1802"]
[BlackElo "1769"]
[PlyCount "76"]
[EventDate "2016.??.??"]
[WhiteTeam "SV Empor Berlin"]
[BlackTeam "SC Weisse Dame (Berlin)"]

1. d4 Nf6 2. c4 e6 3. Nc3 Bb4 4. Bf4 O-O 5. e3 d5 6. Nf3 dxc4 7. Bxc4 Nd5 8.
Bxd5 exd5 9. O-O c6 10. Qc2 Bg4 11. Ne5 Bh5 12. Qf5 Bg6 13. Nxg6 hxg6 14. Qg4
Bd6 15. a3 Bxf4 16. Qxf4 Na6 17. b4 Nc7 18. Rfc1 a6 19. Na4 Nb5 20. Nc5 Nd6 21.
Rab1 Qe7 22. a4 g5 23. Qe5 Qd8 24. b5 Re8 25. Qg3 axb5 26. axb5 cxb5 27. Qf3 b6
28. Nd3 Re4 29. Nb4 g4 30. Qd1 Nc4 31. Nc6 Qe8 32. Nb4 Qe6 33. Nd3 Ra5 34. Nf4
Qf5 35. Qe2 Qxf4 36. Qxc4 dxc4 37. exf4 Rxd4 38. g3 Rd2 0-1

[Event "Lichtenberger Sommer 2016"]
[Site "?"]
[Date "2016.08.16"]
[Round "4.58"]
[White "Schubert, Joachim"]
[Black "Kasper, Peter"]
[Result "1-0"]
[WhiteElo "1889"]
[BlackElo "1778"]
[PlyCount "35"]
[EventDate "2016.??.??"]
[WhiteTeam "SC Friesen Lichtenberg"]
[BlackTeam "SG Eckturm (Berlin)"]

1. e4 c6 2. d4 d5 3. Nc3 dxe4 4. Nxe4 Bf5 5. Ng3 Bg6 6. Nf3 h6 7. Bc4 e6 8. c3
Nf6 9. Bf4 Nbd7 10. O-O Nb6 11. Bb3 Be7 12. Re1 O-O 13. Qd2 Kh7 14. Ne5 Nbd5
15. Nxg6 fxg6 16. Rxe6 Nxf4 17. Qxf4 h5 18. Qg5 1-0

[Event "Lichtenberger Sommer 2016"]
[Site "?"]
[Date "2016.08.16"]
[Round "4.59"]
[White "Bartoszewski-Reiski, Olaf"]
[Black "Merz, Rüdiger"]
[Result "0-1"]
[WhiteElo "1574"]
[BlackElo "1908"]
[PlyCount "54"]
[EventDate "2016.??.??"]
[WhiteTeam "BKS Chemik Bydgoszcz"]
[BlackTeam "SK Zehlendorf"]

1. e4 e5 2. f4 d5 3. exd5 exf4 4. Nc3 Qh4+ 5. Ke2 Bg4+ 6. Nf3 a6 7. Qe1 Qh6 8.
Kf2+ Be7 9. Be2 Qb6+ 10. Kf1 Nd7 11. d3 O-O-O 12. Qf2 Qh6 13. Nd4 Bxe2+ 14.
Ndxe2 g5 15. h4 f6 16. Rh3 Qg6 17. Ne4 Kb8 18. b3 Nh6 19. Bb2 Rhe8 20. Ke1 Ng4
21. Qg1 Ne3 22. Kd2 Nxd5 23. g3 f3 24. Nd4 f5 25. Nxg5 Bxg5+ 26. hxg5 Qxg5+ 27.
Kd1 Ne3+ 0-1

[Event "Lichtenberger Sommer 2016"]
[Site "?"]
[Date "2016.08.16"]
[Round "4.60"]
[White "Ollek, Karl-Heinz"]
[Black "Eisheh, Jens-Tarek"]
[Result "1/2-1/2"]
[WhiteElo "1739"]
[BlackElo "1828"]
[PlyCount "51"]
[EventDate "2016.??.??"]
[WhiteTeam "SC Friesen Lichtenberg"]
[BlackTeam "Lübecker SV"]

1. Nf3 Nf6 2. c4 d6 3. d4 Nbd7 4. Nc3 e5 5. e4 Be7 6. Be2 O-O 7. O-O h6 8. a4
a5 9. h3 Re8 10. Be3 Bf8 11. d5 Nc5 12. Bxc5 dxc5 13. Ne1 Nh7 14. Nd3 f5 15.
Bh5 f4 16. Nb5 Bd6 17. Bg4 Nf6 18. Bxc8 Rxc8 19. Nc3 Qd7 20. Kh2 Qf7 21. g4
fxg3+ 22. fxg3 Qg6 23. Qf3 Rf8 24. Qf5 Qxf5 25. Rxf5 Nd7 26. Raf1 1/2-1/2

[Event "Lichtenberger Sommer 2016"]
[Site "?"]
[Date "2016.08.16"]
[Round "4.61"]
[White "Poseck, Steffen"]
[Black "Fontaine, Constantin"]
[Result "1-0"]
[WhiteElo "2039"]
[BlackElo "1527"]
[PlyCount "39"]
[EventDate "2016.??.??"]
[WhiteTeam "BSV 63 Chemie Weißensee"]
[BlackTeam "SK Tempelhof 1931"]

1. Nf3 Nf6 2. d4 d5 3. e3 e6 4. Bd3 c5 5. b3 Nc6 6. Nbd2 Be7 7. O-O O-O 8. Bb2
b6 9. Ne5 Qc7 10. Nxc6 Qxc6 11. Nf3 Nd7 12. Qe2 f5 13. Rac1 Bf6 14. c4 Re8 15.
Rfd1 Nf8 16. cxd5 Qxd5 17. dxc5 Bxb2 18. Qxb2 Bb7 19. Bb5 Qe4 20. Rd4 1-0

[Event "Lichtenberger Sommer 2016"]
[Site "?"]
[Date "2016.08.16"]
[Round "4.62"]
[White "Maple, Shawn"]
[Black "Schäfer, Heiko"]
[Result "1-0"]
[WhiteElo "1726"]
[BlackElo "2078"]
[PlyCount "87"]
[EventDate "2016.??.??"]
[WhiteTeam "Königsjäger Süd-West"]
[BlackTeam "Potsdamer SV"]

1. d4 e6 2. c4 d5 3. cxd5 exd5 4. Bf4 c6 5. Nf3 Bf5 6. e3 Nf6 7. Bd3 Qa5+ 8.
Nc3 Ne4 9. O-O Nd7 10. Bxe4 dxe4 11. Nd2 Nf6 12. Qc2 Be7 13. Ncxe4 Nxe4 14.
Nxe4 O-O 15. Qd2 Bb4 16. Nc3 c5 17. a3 Bxc3 18. Qxc3 Qxc3 19. bxc3 c4 20. Ra2
Rad8 21. Rb2 b6 22. Rb5 Bd3 23. Re1 f5 24. Ra1 Be4 25. Ra2 Rd5 26. Rxd5 Bxd5
27. Rb2 Bc6 28. f3 Rd8 29. Kf2 Kf7 30. Re2 Re8 31. Be5 g5 32. e4 fxe4 33. fxe4
Ke6 34. Ke3 Rf8 35. Bg7 Rg8 36. d5+ Kd6 37. Bd4 Be8 38. Rf2 Rg6 39. Rf6+ Rxf6
40. Bxf6 g4 41. Kd4 b5 42. e5+ Kc7 43. Kc5 a6 44. e6 1-0

[Event "Lichtenberger Sommer 2016"]
[Site "?"]
[Date "2016.08.16"]
[Round "4.63"]
[White "Kuran, Wilfried"]
[Black "Engelhardt, Erhard"]
[Result "1-0"]
[WhiteElo "1885"]
[BlackElo "1754"]
[PlyCount "25"]
[EventDate "2016.??.??"]
[WhiteTeam "Spielgemeinschaft Sauwald"]
[BlackTeam "SSV Rotation Berlin"]

1. e4 d5 2. exd5 Qxd5 3. Nc3 Qd6 4. b3 Nf6 5. Qf3 c6 6. h3 Nbd7 7. Bb2 Ne5 8.
Qe2 Bf5 9. O-O-O e6 10. g4 Bg6 11. f4 Nd5 12. Qxe5 Qd7 13. f5 1-0

[Event "Lichtenberger Sommer 2016"]
[Site "?"]
[Date "2016.08.16"]
[Round "4.64"]
[White "Kievelitz, Bernd"]
[Black "Wölfert, Jürgen"]
[Result "1-0"]
[WhiteElo "1866"]
[BlackElo "1834"]
[PlyCount "81"]
[EventDate "2016.??.??"]
[WhiteTeam "SC Zitadelle Spandau"]
[BlackTeam "BSC Rehberge"]

1. Nf3 Nf6 2. c4 g6 3. b4 Bg7 4. Bb2 O-O 5. e3 d6 6. d4 Bg4 7. Be2 Nbd7 8. Nbd2
Re8 9. O-O e5 10. h3 Bxf3 11. Bxf3 e4 12. Be2 c6 13. Qb3 d5 14. a4 h5 15. a5 a6
16. Rfc1 Nf8 17. b5 Qd7 18. b6 Rac8 19. cxd5 cxd5 20. Ba3 Ne6 21. Ra2 Rxc1+ 22.
Bxc1 Nd8 23. Rc2 Nc6 24. Qc3 Rc8 25. Ba3 g5 26. Nb3 Bf8 27. Bxf8 Kxf8 28. Nc5
Qe7 29. Nxa6 Ra8 30. Qc5 g4 31. hxg4 hxg4 32. Qxe7+ Kxe7 33. Rxc6 bxa6 34. Rc7+
Ke6 35. b7 Rb8 36. Bxa6 Ne8 37. Rc8 Rxb7 38. Bxb7 Nd6 39. Rc6 Kd7 40. Rxd6+
Kxd6 41. a6 1-0

[Event "Lichtenberger Sommer 2016"]
[Site "?"]
[Date "2016.08.16"]
[Round "4.65"]
[White "Udet, Fabian"]
[Black "Kapp, Frank"]
[Result "0-1"]
[WhiteElo "1663"]
[BlackElo "1913"]
[PlyCount "60"]
[EventDate "2016.??.??"]
[WhiteTeam "1. SC Anhalt"]
[BlackTeam "TSV IFA Chemnitz"]

1. e4 e6 2. d4 d5 3. Nc3 Nf6 4. Bg5 Bb4 5. e5 h6 6. exf6 hxg5 7. fxg7 Rg8 8.
Nge2 Qf6 9. a3 Be7 10. Qd2 Nc6 11. Nb5 Bd8 12. f4 a6 13. Nbc3 Qxg7 14. O-O-O
Bf6 15. Kb1 Bd7 16. g3 O-O-O 17. Bg2 gxf4 18. Qxf4 Bg5 19. Qf2 Rdf8 20. Nf4 Ne7
21. Rhf1 Nf5 22. Bh3 Nd6 23. Bg2 Qh6 24. Nh3 Be3 25. Qf3 Nc4 26. Nxd5 exd5 27.
Qxd5 Bc6 28. Qf5+ Kb8 29. Bxc6 Qxc6 30. Ka2 Bh6 0-1

[Event "Lichtenberger Sommer 2016"]
[Site "?"]
[Date "2016.08.16"]
[Round "4.66"]
[White "Kreuchauf, Olaf"]
[Black "Acikel, Mert"]
[Result "0-1"]
[WhiteElo "1777"]
[BlackElo "1820"]
[PlyCount "48"]
[EventDate "2016.??.??"]
[WhiteTeam "SC Eintracht Berlin"]
[BlackTeam "SK König Tegel"]

1. d4 d5 2. c4 e6 3. Nf3 Nf6 4. g3 Be7 5. Bg2 O-O 6. O-O c6 7. Qc2 b6 8. b3 Ba6
9. Rd1 Nbd7 10. Nbd2 Rc8 11. Bb2 c5 12. Rac1 cxd4 13. Bxd4 b5 14. Ne5 Nxe5 15.
Bxe5 Qb6 16. e3 bxc4 17. bxc4 Bxc4 18. Bd4 Qa6 19. Nxc4 Rxc4 20. Qd2 Rfc8 21.
Bf1 Qa4 22. Rxc4 Rxc4 23. Qb2 Qxd1 24. Bxf6 gxf6 0-1

[Event "Lichtenberger Sommer 2016"]
[Site "?"]
[Date "2016.08.16"]
[Round "4.67"]
[White "Baranowsky, Peter"]
[Black "Bahr, Arne"]
[Result "1-0"]
[WhiteElo "1923"]
[BlackElo "1646"]
[PlyCount "65"]
[EventDate "2016.??.??"]
[WhiteTeam "SF 1903 Berlin"]
[BlackTeam "SG Turm Kiel"]

1. d4 g6 2. e4 Nf6 3. Nc3 d5 4. exd5 Nxd5 5. Nxd5 Qxd5 6. Nf3 Bg4 7. Be2 Nc6 8.
c4 Qd6 9. d5 Bxf3 10. Bxf3 Ne5 11. Be2 Bg7 12. O-O O-O 13. Rb1 a5 14. Be3 Nd7
15. Qc2 f5 16. Rbd1 Nc5 17. f4 b6 18. Bf3 Kh8 19. Kh1 Rae8 20. Rfe1 Na6 21. a3
e5 22. dxe6 Qxe6 23. Bd5 Qc8 24. Bd2 Rxe1+ 25. Rxe1 Re8 26. b4 Rxe1+ 27. Bxe1
Qe8 28. Bc3 axb4 29. axb4 Qe7 30. Qb2 Bxc3 31. Qxc3+ Qg7 32. Qe1 Qf8 33. Qe5+
1-0

[Event "Lichtenberger Sommer 2016"]
[Site "?"]
[Date "2016.08.16"]
[Round "4.68"]
[White "Junge, Wolfgang"]
[Black "Pöcheim, Stephan"]
[Result "1/2-1/2"]
[WhiteElo "1875"]
[BlackElo "1716"]
[PlyCount "80"]
[EventDate "2016.??.??"]
[WhiteTeam "SC Friesen Lichtenberg"]
[BlackTeam "SF 1903 Berlin"]

1. d4 e6 2. c4 Bb4+ 3. Nc3 f5 4. Bd2 Nf6 5. g3 O-O 6. Bg2 Nc6 7. Nf3 b6 8. O-O
Bb7 9. e3 Ne7 10. a3 Bxc3 11. Bxc3 Ne4 12. Rc1 Nxc3 13. Rxc3 Rf6 14. Qc2 Be4
15. Qd2 Rh6 16. Ne1 Bxg2 17. Nxg2 Qe8 18. f4 Qh5 19. Ne1 Kh8 20. Nf3 Ng8 21.
Qg2 Nf6 22. b4 Ne4 23. Rc2 Rg8 24. c5 b5 25. Ra1 g5 26. fxg5 Nxg5 27. Nxg5 Qxg5
28. Qf3 Rf6 29. Rg2 c6 30. a4 a6 31. axb5 axb5 32. Ra7 Rf7 33. Kf1 Qg4 34. Ke2
Qxf3+ 35. Kxf3 h6 36. Kf4 Kh7 37. Kf3 Kg6 38. Rga2 Kf6 39. Rb7 Rgg7 40. Raa7
Re7 1/2-1/2

[Event "Lichtenberger Sommer 2016"]
[Site "?"]
[Date "2016.08.16"]
[Round "4.69"]
[White "Fock, Amina"]
[Black "Mayer, Herbert"]
[Result "0-1"]
[WhiteElo "1511"]
[BlackElo "1900"]
[PlyCount "44"]
[EventDate "2016.??.??"]
[WhiteTeam "SK International Berlin"]
[BlackTeam "SC Rochade (Berlin)"]

1. e4 c5 2. Nc3 e6 3. g3 d5 4. d3 d4 5. Nce2 Nc6 6. f4 Bd7 7. Bg2 Nge7 8. Nf3
f5 9. e5 Nd5 10. Bd2 Be7 11. h4 Qb6 12. Rb1 h6 13. Kf2 O-O-O 14. a3 Rhg8 15. c4
Ne3 16. Bxe3 dxe3+ 17. Kxe3 Be8 18. Qc2 Bh5 19. Rhd1 g5 20. Nfg1 gxf4+ 21. Kxf4
Nxe5 22. Rd2 Bd6 0-1

[Event "Lichtenberger Sommer 2016"]
[Site "?"]
[Date "2016.08.16"]
[Round "4.70"]
[White "Körner, Helmut"]
[Black "Andresen, Klaus"]
[Result "1-0"]
[WhiteElo "1870"]
[BlackElo "1559"]
[PlyCount "37"]
[EventDate "2016.??.??"]
[WhiteTeam "SF Nordost Berlin"]
[BlackTeam "Niendorfer TSV"]

1. b4 e5 2. Bb2 Bxb4 3. Bxe5 Nf6 4. Nc3 O-O 5. Bxf6 Qxf6 6. Nd5 Bxd2+ 7. Kxd2
Qxf2 8. Nf3 Re8 9. Kc1 Re6 10. Qd4 Qxd4 11. Nxd4 Rd6 12. Nf5 Rxd5 13. Ne7+ Kf8
14. Nxd5 Na6 15. e4 c6 16. Bxa6 bxa6 17. Nc3 d6 18. Rb1 Be6 19. Rd1 1-0

[Event "Lichtenberger Sommer 2016"]
[Site "?"]
[Date "2016.08.16"]
[Round "4.71"]
[White "Lange, Cecilia"]
[Black "Spreer, Lutz"]
[Result "1-0"]
[WhiteElo "1858"]
[BlackElo "1651"]
[PlyCount "175"]
[EventDate "2016.??.??"]
[WhiteTeam "TSG Oberschöneweide"]
[BlackTeam "Burgstädter TSV"]

1. e4 d5 2. exd5 Nf6 3. Bb5+ Bd7 4. Bc4 c6 5. dxc6 Nxc6 6. Nf3 Bg4 7. d3 Nd4 8.
Nbd2 b5 9. Bb3 a5 10. a4 Nxb3 11. Nxb3 Qd5 12. Nbd4 b4 13. h3 Bh5 14. Qe2 Rc8
15. O-O e6 16. Re1 Bc5 17. Qe5 Bxd4 18. Nxd4 Qd8 19. Bg5 Bg6 20. Qb5+ Kf8 21.
Qe5 h6 22. Bh4 Bh7 23. Rac1 Rg8 24. Nb3 g5 25. Bg3 Nd5 26. Qd6+ Ke8 27. Nc5 Nf4
28. Nb7 Qc7 29. Bxf4 gxf4 30. Qxc7 Rxc7 31. Nxa5 Rc5 32. Nc4 Rcg5 33. Kh1 Rh5
34. Re5 Rh4 35. Kh2 Ke7 36. g3 fxg3+ 37. fxg3 Rd4 38. a5 b3 39. cxb3 Rxd3 40.
Re3 Rd7 41. b4 Rc8 42. Rec3 Be4 43. Kg1 Rb8 44. Nb6 Rd2 45. b3 Rg2+ 46. Kf1 Ra2
47. Rc7+ Kd6 48. Rxf7 Rg8 49. Rf2 Bd3+ 50. Ke1 Rxf2 51. Kxf2 Rf8+ 52. Ke3 Bb5
53. Ra1 Bc6 54. Nc4+ Kc7 55. Ne5 Bd5 56. b5 Kd6 57. Kd4 Rf2 58. Nc4+ Kc7 59.
b6+ Kc6 60. a6 Rf8 61. b7 Kc7 62. Kc5 Rf5 63. Kd4 Rf8 64. b4 Rd8 65. Kc3 Be4
66. b5 Bd5 67. b6+ Kc6 68. Kb4 Bxc4 69. Kxc4 Kxb6 70. a7 Kxb7 71. a8=Q+ Rxa8
72. Rxa8 Kxa8 73. Kc5 e5 74. Kd5 Kb7 75. Kxe5 Kc7 76. Kf6 h5 77. Kg5 h4 78.
Kxh4 Kd8 79. Kg5 Ke8 80. Kg6 Kf8 81. Kf6 Kg8 82. g4 Kf8 83. g5 Kg8 84. g6 Kh8
85. g7+ Kg8 86. h4 Kh7 87. Kf7 Kh6 88. g8=Q 1-0

[Event "Lichtenberger Sommer 2016"]
[Site "?"]
[Date "2016.08.16"]
[Round "4.72"]
[White "Reck, Jessica"]
[Black "Kling, Maximilian"]
[Result "0-1"]
[WhiteElo "1653"]
[BlackElo "1804"]
[PlyCount "114"]
[EventDate "2016.??.??"]
[WhiteTeam "SK König Tegel"]
[BlackTeam "SK Kriegshaber"]

1. e4 e6 2. d3 d5 3. Nd2 dxe4 4. dxe4 Bd7 5. Ngf3 Bc6 6. Qe2 Nd7 7. Nd4 Ne7 8.
g3 Nf6 9. Nxc6 Nxc6 10. c3 Nd7 11. Nb3 Qf6 12. Be3 Bd6 13. Bg2 O-O 14. O-O Qe7
15. Rad1 a6 16. f4 e5 17. f5 Kh8 18. Kh1 f6 19. g4 a5 20. Nd2 Bc5 21. Nf3 Bxe3
22. Qxe3 Nb6 23. b3 a4 24. h4 axb3 25. axb3 Ra3 26. Nd2 Rfa8 27. g5 Na5 28. b4
Nac4 29. Nxc4 Nxc4 30. Qd3 Nb6 31. gxf6 gxf6 32. Rf2 Qg7 33. Qd8+ Rxd8 34.
Rxd8+ Qg8 35. Rxg8+ Kxg8 36. Rf3 Na4 37. c4 Rxf3 38. Bxf3 Nc3 39. Kg2 Na2 40.
b5 Nb4 41. Kf2 Nd3+ 42. Ke3 Nc5 43. Kd2 b6 44. Kc3 Kf8 45. Bg2 Ke7 46. Kb4 Kd7
47. Bf3 Kd6 48. Bg2 Nd3+ 49. Kc3 Nf4 50. Bf3 Kc5 51. Bg4 Ng2 52. h5 Nf4 53. Bf3
Nh3 54. Bh1 Ng5 55. Bg2 Nf7 56. Bf1 Nd6 57. Bd3 h6 0-1

[Event "Lichtenberger Sommer 2016"]
[Site "?"]
[Date "2016.08.16"]
[Round "4.73"]
[White "Schmalzried, Volker"]
[Black "Pöltelt, Helmut"]
[Result "1-0"]
[WhiteElo "1870"]
[BlackElo "1749"]
[PlyCount "103"]
[EventDate "2016.??.??"]
[WhiteTeam "vereinslos"]
[BlackTeam "SC Eintracht Berlin"]

1. c4 f5 2. Nc3 Nf6 3. g3 g6 4. Bg2 Bg7 5. Nf3 d6 6. d4 c6 7. O-O O-O 8. Bg5 h6
9. Bf4 Qe8 10. Rc1 g5 11. Bd2 e5 12. d5 e4 13. Ne1 Ng4 14. e3 Ne5 15. b3 g4 16.
dxc6 bxc6 17. Ne2 Nf3+ 18. Bxf3 gxf3 19. Nf4 Nd7 20. Bc3 Bxc3 21. Rxc3 Qe5 22.
Rc2 Kh7 23. Qd4 Ba6 24. Rd2 Rf6 25. Nc2 c5 26. Qd5 Nb6 27. Qxe5 dxe5 28. Nd5
Rd6 29. Rfd1 Re6 30. Nc7 Ree8 31. Nxa6 Rac8 32. b4 Re7 33. Nxc5 Nxc4 34. Rd7
Rc7 35. Rxc7 Rxc7 36. Rd7+ Rxd7 37. Nxd7 Kg6 38. Nb8 Nd6 39. Nc6 Nc4 40. Nxa7
Kg5 41. b5 f4 42. gxf4+ exf4 43. exf4+ Kxf4 44. Nc8 Na5 45. Ne3 Nb7 46. Kf1 Nc5
47. b6 Ke5 48. Ng4+ Kd5 49. Nxh6 Kc6 50. Ng4 Kb7 51. Nd6+ Kxb6 52. Nf6 1-0

[Event "Lichtenberger Sommer 2016"]
[Site "?"]
[Date "2016.08.16"]
[Round "4.74"]
[White "Verbitsky, Jaroslaw"]
[Black "Stein, Siegfried"]
[Result "1/2-1/2"]
[WhiteElo "1551"]
[BlackElo "1856"]
[PlyCount "87"]
[EventDate "2016.??.??"]
[WhiteTeam "SV Mattnetz Berlin"]
[BlackTeam "SV Berolina Mitte"]

1. e4 c5 2. Nf3 Nc6 3. d4 cxd4 4. Nxd4 Nf6 5. Nc3 e5 6. Ndb5 d6 7. Bg5 a6 8.
Na3 b5 9. Nd5 Be7 10. Bxf6 Bxf6 11. c3 Bg5 12. Nc2 Be6 13. Ncb4 Nxb4 14. Nxb4
O-O 15. Be2 Qb6 16. O-O a5 17. Nd5 Bxd5 18. Qxd5 b4 19. Qb5 Rab8 20. Qxb6 Rxb6
21. c4 Rc6 22. Rfd1 Bd8 23. b3 Bb6 24. g4 Bc5 25. Kg2 g6 26. Bd3 Ra8 27. Rf1 g5
28. h4 h6 29. hxg5 hxg5 30. Rh1 a4 31. Bc2 axb3 32. Bxb3 Kg7 33. Rh5 Kf6 34.
Rd1 Rg8 35. f3 Ra6 36. Rd5 Kg6 37. Rd1 Rga8 38. Rd2 Ra3 39. Rh1 Bd4 40. Rb1
R8a6 41. Kf1 Ra8 42. Kg2 Rh8 43. Rh1 Raa8 44. Rdd1 1/2-1/2

[Event "Lichtenberger Sommer 2016"]
[Site "?"]
[Date "2016.08.16"]
[Round "4.75"]
[White "Möller, Dirk"]
[Black "Kautz, Stefan"]
[Result "0-1"]
[WhiteElo "1577"]
[BlackElo "1935"]
[PlyCount "102"]
[EventDate "2016.??.??"]
[WhiteTeam "SC Kreuzberg"]
[BlackTeam "SC Empor Maulwurf Bonn"]

1. e4 c5 2. Nf3 d6 3. d4 cxd4 4. Nxd4 Nf6 5. Nc3 a6 6. Be3 e6 7. Be2 Be7 8. Qd2
O-O 9. O-O-O Qc7 10. g4 b5 11. g5 b4 12. gxf6 bxc3 13. Qxc3 Qxc3 14. bxc3 Bxf6
15. h4 Bb7 16. f3 d5 17. Bd3 Rc8 18. Kd2 Nd7 19. Bg5 dxe4 20. Bxe4 Bxe4 21.
fxe4 Bxg5+ 22. hxg5 Rc5 23. Rhg1 Ne5 24. Rg3 Rb8 25. Nb3 Rc4 26. Re1 Ra4 27.
Nc1 Ra3 28. Rh1 Ra5 29. Ke3 Ng6 30. Rd1 h6 31. gxh6 gxh6 32. Rd7 h5 33. c4 h4
34. Rg1 Rc8 35. Rf1 Ne5 36. Ra7 Nxc4+ 37. Kd4 Ne5 38. Ke3 Rxc2 39. Ra8+ Kg7 40.
Rg1+ Ng6 41. Ra7 Ra3+ 42. Kd4 e5+ 43. Kd5 Ra4 44. Nb3 Raxa2 45. Nc5 Ra5 46. Rc7
h3 47. Rf1 Rd2+ 48. Kc6 Nf4 49. Rxf4 exf4 50. Ne6+ Kf6 51. Nxf4 h2 0-1

[Event "Lichtenberger Sommer 2016"]
[Site "?"]
[Date "2016.08.16"]
[Round "4.76"]
[White "Woinowski, Michael"]
[Black "Schwager, Thomas"]
[Result "1-0"]
[WhiteElo "1734"]
[BlackElo "1632"]
[PlyCount "25"]
[EventDate "2016.??.??"]
[WhiteTeam "SC Kreuzberg"]
[BlackTeam "SC Friesen Lichtenberg"]

1. e4 c5 2. Nc3 d6 3. f4 Nc6 4. Nf3 g6 5. Bb5 Bd7 6. O-O Bg7 7. d3 Qc7 8. a4 e6
9. Bxc6 Bxc6 10. Qe1 Ne7 11. Kh1 O-O 12. Qh4 f5 13. Ng5 1-0

[Event "Lichtenberger Sommer 2016"]
[Site "?"]
[Date "2016.08.16"]
[Round "4.77"]
[White "Fock, Sana"]
[Black "Prütz, Sigurd"]
[Result "1/2-1/2"]
[WhiteElo "1581"]
[BlackElo "1724"]
[PlyCount "68"]
[EventDate "2016.??.??"]
[WhiteTeam "SK International Berlin"]
[BlackTeam "Königsjäger Süd-West"]

1. e4 c6 2. d4 d5 3. Nd2 g6 4. Ngf3 Bg4 5. c3 Nf6 6. h3 Bxf3 7. Qxf3 e6 8. Bd3
Bg7 9. O-O O-O 10. Re1 a5 11. Nb3 b6 12. Bg5 h6 13. Bh4 g5 14. Bg3 Ra7 15. h4
Nh7 16. exd5 cxd5 17. hxg5 Nxg5 18. Qg4 Nd7 19. Nd2 Nf6 20. Qh4 a4 21. Qh2 Qa8
22. Bd6 Rc8 23. f3 b5 24. Rab1 Qb7 25. Rbc1 Qc6 26. a3 Rd7 27. Bb4 Re8 28. Kf2
Rc8 29. Rcd1 Qb7 30. Rc1 Rdc7 31. Rcd1 Rc6 32. Rc1 Nd7 33. f4 Nf6 34. Qg3 Nge4+
1/2-1/2